000 00300nam a2200121Ia 4500
008 191201s2007 xx 000 0 und d
100 _aSUBRAMANYA, K
245 0 _a1000 Solved Problems in Fluid Mechanics
260 _aNew Delhi
_bTMH
_c2007
300 _a456
650 _aB.Tech(CE)
942 _2ddc
_cBK
999 _c6533
_d6533